Statistics for Kui mitu autorit suudad nimetada 5 minuti jooksul?

Click here to take the quiz!

General Stats

  • This quiz has been taken 13 times
  • The average score is 14 of 26

Answer Stats

Raamatu nimiAutor% Correct
"Pipi Pikksukk"Lindgren
92%
"Kevade"Luts
83%
"Hamlet"Shakespeare
75%
"Mõrv Idaekspressis"Christie
67%
"Tõde ja õigus"Tammsaare
67%
"Kärbeste jumal"Golding
58%
"Vanamees ja meri"Hemingway
58%
"Stepihunt"Hesse
58%
"Libahunt"Kitzberg
58%
"1984"Orwell
58%
"Anna Karenina"Tolstoi
58%
"Tom Sawyeri seiklused"Twain
58%
"Meister ja Margarita"Bulgakov
50%
"Kolm musketäri"Dumas
50%
"Jumalaema kiriku kellalööja"Hugo
50%
"Tartuffe"Moliere
50%
"Toomas Nipernaadi"Gailit
42%
"Tappa laulurästast"Lee
42%
"Aarete saar"Stevenson
42%
"Dekameron"Boccaccio
33%
"451° Fahrenheiti"Bradbury
33%
"Kellavärgiga apelsin"Burgess
33%
"Robinson Crusoe"Defoe
33%
"Merehunt"London
33%
"Läänerindel muutusteta"Remarque
33%
"Ivanhoe"Scott
33%

Score Distribution

Percentile by Number Answered

Percent of People with Each Score

Your Score History

You have not taken this quiz